| 000 | 02363nam a2200421 i 4500 | ||
|---|---|---|---|
| 001 | 000015022 | ||
| 003 | DO-SdBNP | ||
| 005 | 20250131141426.0 | ||
| 006 | a||||gr|||| 00| 0 | ||
| 007 | ta | ||
| 008 | 100129e2005 dr 001 e spa d | ||
| 020 | _a9993481351 | ||
| 040 |
_aDO-SdBNP _bspa _cBNPHU _erda |
||
| 041 | _aspa | ||
| 082 | 4 |
_a327.4607293 _bA454a _222 |
|
| 100 | 1 |
_aAlonso Vázquez, Francisco Javier, _933997 _eautor _4aut. |
|
| 245 | 1 | 3 |
_aLa alianza de dos generalísimos : _brelaciones diplomáticas Franco-Trujillo / _cFrancisco Javier Alonso Vázquez. |
| 264 | 4 |
_aSanto Domingo, República Dominicana : _bEditor Fundación García Arévalo, _c2005. |
|
| 300 |
_axxii, 744 páginas : _bilustraciones, retratos ; _c23 cm. |
||
| 336 |
_atexto _btxt _2rdacontent |
||
| 337 |
_asin mediación _bn _2rdamedia |
||
| 338 |
_avolumen _bnc _2rdacarrier |
||
| 490 |
_aColección Documental ; _v6 |
||
| 500 | _aIncluye referencias bibliográficas y notas al pie de páginas. | ||
| 500 | _aIncluye datos biográficos del autor en la solapa de la cubierta. | ||
| 500 | _aIncluye índice. | ||
| 500 | _aPortada: Encuentro de Rafael L. Trujillo y Franciscon Franco, en el Palacio de El Pardo, durante su visita al oficial a España en junio de 1954. | ||
| 505 |
_aPresentación / _rManuel A. García Arévalo-- _gPrefacio-- _gParte I-- _tFundamentos Intelectuales e Ideológicos de la Diplomacia Española en Hispanoamérica-- _gParte II-- _tLos Diplomáticos de España en la República Dominicana.-- _gParte III. _tEl viaje del General Trujillo a España en 1954-- _gParte IV-- _tHispanismo y Antihaitianismo-- _gParte V-- _tLa Emigración de Españoles a la República Dominicana-- _gParte VI-- _tRelaciones Económicas España-República Dominicana-- _gParte VII-- _tEpílogo-- _tFotografías-- _tÍndice Onomástico-- _tÍndice Geográfico. |
||
| 590 | _aInventariado 2024/ MF | ||
| 600 | 1 | 4 |
_aFranco, Francisco _d1892-1992 _933998 |
| 600 | 1 | 4 |
_aTrujillo Molina, Rafael Leónidas, _d 1891-1961 _976764 |
| 651 | 4 |
_aRepública Dominicana _xRelaciones exteriores _zEspaña _916011 |
|
| 651 | 4 |
_aEspaña _xRelaciones exteriores _zRepública Dominicana _916012 |
|
| 651 | 4 |
_aEspaña _xRelaciones exteriores _y1939- 1975 _933999 |
|
| 651 | 4 |
_aRepública Dominicana _xRelaciones exteriores _ySiglo XX _934000 |
|
| 910 | _aValidado. Control de calidad. MFF | ||
| 942 |
_2ddc _cLBS1 |
||
| 999 |
_c14595 _d14595 |
||